Contratación administrativa electrónica

Gorde:
Xehetasun bibliografikoak
Beste egile batzuk: Palomar Olmeda, Alberto (Zuzendaria), Fuertes López, F. Javier, Subirana de la Cruz, Silvia, Vázquez Garranzo, Javier
Formatua: Ezezaguna
Hizkuntza:ingelesa
gaztelania
Argitaratua: Navarra, España Aranzadi 2018
Edizioa:Primera edición
Gaiak:
Etiketak: Etiketa erantsi
Etiketarik gabe, Izan zaitez lehena erregistro honi etiketa jartzen!

MARC

LEADER 00000 a2200000 4500
003 CL-VaPUC
005 20210903092032.0
008 200117b ||||| |||| 00| 0 eng d
999 |c 376151  |d 376149 
020 |a 9788491970927 
040 |c Pontificia Universidad Católica de Valparaíso 
041 0 |a spa 
082 |a 342.06 PAL 2018 
100 1 |a Palomar Olmeda, Alberto  |9 605066  |e director 
245 1 0 |a Contratación administrativa electrónica 
250 |a Primera edición 
260 3 |b Aranzadi  |c 2018  |a Navarra, España 
300 |a 487 p 
505 0 |a Capítulo primero. La utilización de técnicas electrónicas y telemáticas por las administraciones públicas en materia de contratación pública: introducción histórica. Capítulo segundo. El procedimiento común al servicio de la contratación. Capítulo tercero. Marco general de la utilización de medios tecnológicos en la contratación administrativa. Capítulo cuarto. Instituciones específicas. Capítulo quinto. Recurso especial en materia de contratación pública. Capítulo sexto. La factura electrónica. 
583 |k Hugo Gaete  |c 20200117 
650 0 0 |a Derecho administrativo  |9 254851 
650 0 0 |a Contratación administrativa  |9 532413 
650 0 0 |a ORGANIZACION ADMINISTRATIVA  |9 257438 
650 0 0 |a CONTRATACION ELECTRONICA  |9 466608 
650 0 0 |a FACTURA ELECTRONICA  |9 608574 
700 1 |a Fuertes López, F. Javier  |9 608575 
700 1 |a Subirana de la Cruz, Silvia  |9 608576 
700 1 |a Vázquez Garranzo, Javier  |9 608577 
942 |2 ddc  |c BK 
952 |0 0  |1 0  |2 ddc  |4 0  |6 342_060000000000000_PAL_2018  |7 0  |9 495319  |a BIBDER  |b BIBDER  |d 2020-01-02  |e 36  |g 38888.00  |i 5569265  |l 1  |o 342.06 PAL 2018  |p 5569265  |r 2024-04-10  |s 2024-04-10  |t 1  |v 38888.00  |w 2020-01-02  |y BK  |k DER